000 00540nam a22001817a 4500
003 0
005 20240109075629.0
008 231205b xxu||||| |||| 00| 0 eng d
020 _a978-971-009-127-0
050 _aFIC
_bKru94 2009
082 _aFIC
_bKru94 2009
100 _aKrueger, Jim
245 _aTomo 8: the battle for argon falls
_cJim Krueger
260 _aMandaluyong City
_bOMF Literature Inc.
_cc2012
300 _aunnumbered pages :
_bblack and white illustrations ;
_c20cm.
650 _aGraphic novels.
942 _2ddc
_cBK
999 _c365712
_d365712